000 00572nam a2200229Ia 4500
003 OSt
005 20220918203214.0
006 a|||||r|||| 00| 0
007 ta
008 220917b |||||||| |||| 00| 0 eng d
024 _a106,760
037 _cTextual
040 _aARTS
_cARTS
_beng
041 _2eng
_aeng
082 _aV3:28wM87, J3
100 _aPaton Hugh
_9107320
245 0 _aCall back yesterday
_b memoirs 1887-1931
260 _c1953
650 _aHISTORY
942 _hV3:28wM87, J3
_cTEXL
_2CC
999 _c230118
_d230118